000 00835nam a22002057a 4500
999 _c11459
_d11459
003 AR-CdUCM
008 190404b ||||| |||| 00| 0 spa d
020 _a84-8055-057-0
040 _aMUNICIPALIDAD PROVINCIAL DEL CUSCO
_cBIBLIOTECA MUNICIPAL DEL CUSCO
082 _aES / 912.581 /
_bAT87
110 _aEdiciones cultural, s.a.
_928790
245 _aAtlas de botánica :
_bEl mundo de las plantas /
260 _aMadrid :
_bCultural, s.a.,
_c1995.
300 _a112 paginas
_c35 cm.
505 _aContenido :El mundo vegetal y la botánica -- La célula vegetal -- Fisiología vegetal: nutrición y respiración --Las bacterias y las algas verdiazules -- Los vegetales heterótrofos: hongos y mohos mucilaginosos ...
650 _aBotánica
_92790
650 _aCiencias aplicadas
_920077
942 _2ddc
_cLIBROS
945 _arum